000 00735nam a22002297a 4500
005 20251108172949.0
008 250721s2005 xx 000 0 ara d
082 1 4 _a913.565/ عنا
100 1 _aالعنابي، زهر
245 1 0 _aمحمد أبو سماقة في قراءة لفلسفة الإعلام و الترويج /
264 1 _aاربد :
_bالمؤلفة،
_c2005.
300 _aج 1-3.
490 0 _aسلسلة الفكر السياحي الأردني
_v1.2.3
650 1 7 _aالسياحة
650 1 7 _aالآثار
650 1 7 _aالتنمية السياحية
650 1 7 _aالتنمية الإقتصادية
650 1 7 _aالإعلام
650 1 7 _aالأردن
942 _2ddc
_cBK
999 _c92898
_d92898